[Event "Titled Tuesday intern op 20th Aug Late"]
[Site "Chess.com INT"]
[Date "2024.08.20"]
[Round "6"]
[White "Di Benedetto, Edoardo"]
[Black "Grigorjev, Iljya"]
[Result "1-0"]
[WhiteElo "2383"]
[BlackElo "2433"]
[PlyCount "137"]
[EventDate "2024.08.20"]
[EventType "swiss (blitz)"]
[EventRounds "11"]
[EventCountry "USA"]
[SourceTitle "EXT 2025"]
[Source "ChessBase"]
[SourceDate "2024.10.14"]
[SourceVersion "1"]
[SourceVersionDate "2024.10.14"]
[SourceQuality "1"]

1. d4 Nf6 2. Nf3 g6 3. g3 Bg7 4. Bg2 0-0 5. 0-0 d5 6. c4 Nc6 7. cxd5 Nxd5 8. Nc3 Nb6 9. d5 Na5 10. e4 c6 11. Bf4 cxd5 12. Nxd5 Nxd5 13. exd5 Nc4 14. Qb3 Nd6 15. Rfe1 Re8 16. Be5 Bxe5 17. Rxe5 Qb6 18. Rae1 Qxb3 19. axb3 Kf8 20. Nd2 Bd7 21. Nc4 Rac8 22. Bf1 Bb5 23. Nxd6 exd6 24. Rxe8+ Bxe8 25. Kg2 Rc5 26. Ra1 a5 27. Bc4 a4 28. Bd3 Rxd5 29. Be4 Rd4 30. Bxb7 axb3 31. Ra3 Rb4 32. Bd5 Ba4 33. Kf3 Ke7 34. Ke3 Rb5 35. Bxf7 Re5+ 36. Kd2 Bb5 37. Bxb3 Re2+ 38. Kc3 Rxf2 39. Ra7+ Kd8 40. Rxh7 Bd7 41. Bd5 Bf5 42. b4 Rc2+ 43. Kb3 Rd2 44. Bc4 d5 45. Bb5 d4 46. Rh4 Rd1 47. Kc4 Bd3+ 48. Kc5 Rc1+ 49. Kb6 Bxb5 50. Kxb5 Rd1 51. Kc4 Ke7 52. Rxd4 Rc1+ 53. Kd5 Rc2 54. h4 Rc3 55. g4 Rh3 56. g5 Rb3 57. Kc6 Rc3+ 58. Kb6 Ke6 59. Rf4 Ke5 60. Rf6 Rc4 61. b5 Rxh4 62. Rxg6 Kf5 63. Rg7 Rb4 64. Kc6 Rc4+ 65. Kb7 Rb4 66. b6 Rc4 67. Kb8 Rc6 68. b7 Rc7 69. Rxc7 1-0

[Event "Titled Tuesday intern op 20th Aug Late"]
[Site "Chess.com INT"]
[Date "2024.08.20"]
[Round "9"]
[White "Di Benedetto, Edoardo"]
[Black "Rustemov, Alexander"]
[Result "1/2-1/2"]
[WhiteElo "2383"]
[BlackElo "2525"]
[PlyCount "159"]
[EventDate "2024.08.20"]
[EventType "swiss (blitz)"]
[EventRounds "11"]
[EventCountry "USA"]
[SourceTitle "EXT 2025"]
[Source "ChessBase"]
[SourceDate "2024.10.14"]
[SourceVersion "1"]
[SourceVersionDate "2024.10.14"]
[SourceQuality "1"]

1. d4 d5 2. c4 dxc4 3. Nf3 Nf6 4. e3 e6 5. Bxc4 c5 6. 0-0 a6 7. a4 Nc6 8. Nc3 Be7 9. dxc5 Qc7 10. b3 Bxc5 11. Bb2 b6 12. Qe2 Bb7 13. Rac1 0-0 14. Bd3 Nb4 15. Bb1 Qe7 16. Ng5 a5 17. Rfd1 Rfd8 18. Nce4 Nxe4 19. Nxe4 Ba6 20. Qh5 Nd3 21. Bxd3 Bxd3 22. Nxc5 bxc5 23. Qxc5 Qxc5 24. Rxc5 Bc2 25. Rxd8+ Rxd8 26. Bd4 Bxb3 27. Rxa5 f6 28. f4 Bd5 29. Rb5 Rc8 30. Rb2 Ra8 31. Rb4 Bc6 32. Rb6 Bd5 33. e4 Bxe4 34. Rxe6 Bc2 35. Rc6 Bxa4 36. Rc7 Rd8 37. Bc3 Rd7 38. Rc4 Bb5 39. Rb4 Bd3 40. Kf2 h5 41. Rb2 Kf7 42. Rd2 Bf5 43. Re2 Rc7 44. Bb2 Rc2 45. Rxc2 Bxc2 46. Kg3 Bf5 47. Kh4 Kg6 48. Ba3 Be4 49. Kg3 Kf5 50. Bd6 g5 51. fxg5 fxg5 52. Kf2 h4 53. Be7 Kg4 54. Bd8 h3 55. g3 Kf5 56. Ke3 g4 57. Kd4 Bg2 58. Bb6 Bf3 59. Ke3 Bg2 60. Kf2 Bf3 61. Be3 Bg2 62. Bf4 Bf3 63. Ke3 Bg2 64. Kf2 Bf3 65. Ke3 Bg2 66. Bb8 Bf3 67. Kf2 Bg2 68. Ke1 Bf3 69. Kd2 Bg2 70. Ke3 Bf3 71. Kd4 Bg2 72. Ba7 Bf3 73. Bc5 Bg2 74. Bb4 Bf3 75. Bd2 Bg2 76. Kd3 Bf3 77. Bf4 Bg2 78. Kd2 Bf3 79. Ke1 Bg2 80. Kf2 1/2-1/2

[Event "Spilimbergo op 22nd"]
[Site "Spilimbergo"]
[Date "2024.08.14"]
[Round "8"]
[White "Nikhil, M."]
[Black "Di Benedetto, Edoardo"]
[Result "0-1"]
[WhiteElo "2198"]
[BlackElo "2383"]
[PlyCount "140"]
[EventDate "2024.08.09"]
[EventType "swiss"]
[EventRounds "9"]
[EventCountry "ITA"]
[SourceTitle "EXT 2025"]
[Source "ChessBase"]
[SourceDate "2024.10.14"]
[SourceVersion "1"]
[SourceVersionDate "2024.10.14"]
[SourceQuality "1"]

1. e4 e6 2. d4 d5 3. Nc3 Nf6 4. e5 Nfd7 5. f4 c5 6. Nf3 Nc6 7. Be3 a6 8. a3 cxd4 9. Nxd4 Bc5 10. Qd2 0-0 11. 0-0-0 Nxd4 12. Bxd4 b5 13. h4 Bb7 14. h5 b4 15. axb4 Bxb4 16. f5 exf5 17. Bd3 Nc5 18. Qf4 Ne6 19. Qxf5 Qg5+ 20. Qxg5 Nxg5 21. Ne2 Ne6 22. c3 Be7 23. Kc2 a5 24. Ra1 Bc6 25. Ra2 a4 26. g3 Rab8 27. Rb1 f6 28. Bf5 Bd7 29. exf6 Bxf6 30. Bxf6 Rxf6 31. Bxe6+ Rxe6 32. Nd4 Re5 33. b3 Bf5+ 34. Nxf5 Re2+ 35. Kd3 Rxa2 36. b4 Rd8 37. Re1 Rf2 38. g4 g6 39. hxg6 hxg6 40. Ne7+ Kf7 41. Nc6 Rh8 42. Ra1 Rh3+ 43. Kd4 Rd2+ 44. Ke5 Rxc3 45. Kd6 a3 46. Ne5+ Kf6 47. Rf1+ Kg5 48. Nf3+ Rxf3 49. Rxf3 a2 50. Ra3 d4 51. Kc5 Kxg4 52. b5 d3 53. Kc4 Rb2 54. Kxd3 Rb3+ 55. Rxb3 a1Q 56. b6 Qa6+ 57. Kd4 Qa4+ 58. Kc3 Qc6+ 59. Kd4 Qb7 60. Kc5 g5 61. Rb4+ Kf5 62. Ra4 Ke6 63. Rd4 Ke5 64. Rd2 g4 65. Re2+ Kf5 66. Rf2+ Ke4 67. Re2+ Kf3 68. Re6 g3 69. Rc6 g2 70. Rc7 g1Q+ 0-1

[Event "Spilimbergo op 22nd"]
[Site "Spilimbergo"]
[Date "2024.08.12"]
[Round "6"]
[White "Di Benedetto, Edoardo"]
[Black "Gretarsson, Helgi Ass"]
[Result "1/2-1/2"]
[WhiteElo "2383"]
[BlackElo "2454"]
[PlyCount "97"]
[EventDate "2024.08.09"]
[EventType "swiss"]
[EventRounds "9"]
[EventCountry "ITA"]
[SourceTitle "EXT 2025"]
[Source "ChessBase"]
[SourceDate "2024.10.14"]
[SourceVersion "1"]
[SourceVersionDate "2024.10.14"]
[SourceQuality "1"]

1. d4 g6 2. Nf3 Bg7 3. g3 d5 4. c4 c6 5. cxd5 cxd5 6. Bg2 Nc6 7. 0-0 e6 8. Nc3 Nge7 9. Bf4 0-0 10. a3 Nf5 11. e3 h6 12. h4 Qe7 13. b4 Rd8 14. Rc1 Nd6 15. Bxd6 Rxd6 16. Qd2 Rd8 17. Ne1 Bd7 18. Nd3 a5 19. b5 Na7 20. a4 Nc8 21. e4 dxe4 22. Nxe4 Be8 23. Nec5 Rb8 24. Qf4 Nb6 25. Ne5 g5 26. hxg5 hxg5 27. Qe3 Nd5 28. Qb3 Rbc8 29. Ncd3 Nb6 30. Rxc8 Rxc8 31. Re1 Rd8 32. Nc5 Rxd4 33. Nxb7 Rxa4 34. Qe3 Nd5 35. Bxd5 exd5 36. Nc6 Qxe3 37. Rxe3 Bxc6 38. bxc6 Rc4 39. Re8+ Kh7 40. Nxa5 Rc5 41. Rd8 Bc3 42. Nb3 Rxc6 43. Rxd5 Rb6 44. Nc5 Rb5 45. Rxg5 Bf6 46. Rh5+ Kg6 47. g4 Be7 48. Nd3 Rxh5 49. gxh5+ 1/2-1/2

[Event "Sardinia World op-A"]
[Site "Orosei"]
[Date "2024.05.01"]
[Round "6"]
[White "Perossa, Nicolas"]
[Black "Di Benedetto, Edoardo"]
[Result "1/2-1/2"]
[WhiteElo "2269"]
[BlackElo "2400"]
[PlyCount "144"]
[EventDate "2024.04.27"]
[EventType "swiss"]
[EventRounds "9"]
[EventCountry "ITA"]
[SourceTitle "CBM 220 Extra"]
[Source "ChessBase"]
[SourceDate "2024.07.31"]
[SourceVersion "1"]
[SourceVersionDate "2024.07.31"]
[SourceQuality "1"]

1. e4 e6 2. d4 d5 3. Nc3 Nf6 4. Bg5 dxe4 5. Nxe4 Be7 6. Bxf6 gxf6 7. Nf3 f5 8. Nc3 Nd7 9. g3 c5 10. Bg2 0-0 11. 0-0 Qb6 12. Na4 Qa5 13. Nxc5 Nxc5 14. dxc5 Qxc5 15. Qd2 Bf6 16. c3 Rd8 17. Qh6 Qe7 18. Rfe1 Bd7 19. Nd4 Bxd4 20. cxd4 Bc6 21. Bxc6 bxc6 22. Qf4 Qf6 23. Re5 Rab8 24. b3 Rb4 25. Rd1 Kg7 26. Rd3 Rb5 27. Rde3 Rbd5 28. Rxd5 Rxd5 29. Re5 Rd7 30. Kg2 Qd8 31. Rc5 Rxd4 32. Qe5+ Kg6 33. Rxc6 Rd2 34. a4 a5 35. h3 h5 36. g4 hxg4 37. hxg4 Qd5+ 38. Qxd5 Rxd5 39. gxf5+ Kxf5 40. Rb6 e5 41. Kf3 Rd2 42. Ke3 Rb2 43. Rb5 f6 44. Rb8 Kg5 45. Rg8+ Kf5 46. Rb8 Rc2 47. Rb5 Rc3+ 48. Kd2 Rf3 49. Ke2 Kf4 50. Rb6 f5 51. Rb5 e4 52. Rxa5 Rxb3 53. Rb5 Ra3 54. a5 Ra2+ 55. Kf1 Kg4 56. Re5 f4 57. Rxe4 Kf3 58. Re5 Rxf2+ 59. Kg1 Rg2+ 60. Kf1 Ra2 61. Kg1 Ra1+ 62. Kh2 Kf2 63. Rb5 Ra2 64. Rb3 f3 65. a6 Ke2 66. Rb1 Ke3+ 67. Kg3 Rg2+ 68. Kh3 Rg7 69. Rb3+ Ke2 70. Rb2+ Ke1 71. Rb1+ Kd2 72. Rb2+ Ke3 1/2-1/2

[Event "ITA-chT GpB 55th"]
[Site "Vasto"]
[Date "2024.04.11"]
[Round "5.20"]
[White "D'Amore, Carlo"]
[Black "Di Benedetto, Edoardo"]
[Result "0-1"]
[WhiteElo "2376"]
[BlackElo "2400"]
[PlyCount "170"]
[EventDate "2024.04.08"]
[EventType "team-tourn"]
[EventRounds "7"]
[EventCountry "ITA"]
[SourceTitle "CBM 219 Extra"]
[Source "ChessBase"]
[SourceDate "2024.05.31"]
[SourceVersion "1"]
[SourceVersionDate "2024.05.31"]
[SourceQuality "1"]
[WhiteTeam "Chieti"]
[BlackTeam "WorldtradingLab"]
[WhiteTeamCountry "ITA"]
[BlackTeamCountry "ITA"]

1. Nf3 d5 2. c4 e6 3. e3 Nf6 4. b3 Be7 5. Bb2 0-0 6. Nc3 b6 7. g3 Bb7 8. Bg2 dxc4 9. bxc4 c5 10. 0-0 Nc6 11. Qe2 Rc8 12. Rac1 Nb4 13. Ne1 Bxg2 14. Kxg2 Qd7 15. a3 Nc6 16. Nf3 Rfd8 17. Rfd1 Qb7 18. Kg1 Rd7 19. d3 Rcd8 20. Ne1 Ne8 21. f4 a6 22. Nf3 b5 23. cxb5 axb5 24. Ne4 c4 25. dxc4 Rxd1+ 26. Rxd1 Rxd1+ 27. Qxd1 bxc4 28. Qc2 Na5 29. Neg5 g6 30. Bc3 Nc6 31. a4 Nd6 32. Ne4 Qb6 33. Nxd6 Qxe3+ 34. Kg2 Bxd6 35. Qd2 Qc5 36. a5 Qd5 37. Qa2 e5 38. fxe5 Bxe5 39. Qd2 Qxd2+ 40. Bxd2 Bc7 41. a6 Bb6 42. Kf1 Nb8 43. Ne5 Nxa6 44. Nxc4 Bd4 45. Kg2 f6 46. Kf3 Kf7 47. Be3 Bxe3 48. Nxe3 Ke6 49. h4 Nc5 50. g4 Ke5 51. Nc4+ Kd4 52. Nd6 Kd5 53. Nb5 Ne6 54. Nc3+ Ke5 55. Nd1 Nd4+ 56. Kg3 h5 57. Nf2 Ne6 58. Kf3 Nc5 59. Ke3 f5 60. gxh5 gxh5 61. Kf3 f4 62. Nh3 Ne6 63. Ng5 Nd4+ 64. Kg2 Kf5 65. Kh3 Ne6 66. Nf3 Ke4 67. Kg2 Ke3 68. Ne5 Nd4 69. Kf1 Nf5 70. Nc4+ Kf3 71. Nd2+ Kg4 72. Kf2 Nxh4 73. Nc4 Ng6 74. Kg2 h4 75. Kf2 h3 76. Nd2 Kf5 77. Kg1 Ne5 78. Kh2 Kg4 79. Ne4 Nf3+ 80. Kh1 Ng5 81. Nd2 Kg3 82. Nf1+ Kf2 83. Nh2 Ke2 84. Ng4 f3 85. Kg1 Ke1 0-1